Statistics for Finish the Taylor Swift Lyric

Click here to take the quiz!

General Stats

  • This quiz has been taken 166 times
  • The average score is 3 of 10

Answer Stats

Song LyricAnswer% Correct
He knelt to the ground and pulled out a ring and said...Marry me, Juliet, you'll never have to be alone
85%
I don't know about you...But I'm feeling 22
53%
I say, "I hate you", we break up,...You call me, "I love you"
53%
I know I'm going to be with you so I take my time...Are you ready for it?
34%
At teatime everybody agrees...I'll stare directly at the sun, but never in the mirror
33%
Don't say I didn't, say I didn't warn ya...So it's gonna be forever, or it's gonna go down in flames
26%
And ah, take me out, and take me home...You're my, my, my, my lover
22%
My ex-man brought his new girlfriend...She's like, "Oh my God!" but I'm just gonna shake
13%
But she wears short skits I wear T-shirts...She Cheer Captain, and I'm on the bleachers
11%
So take a look what you've done...'Cause baby, now we got bad blood (hey!)
4%

Score Distribution

Percentile by Number Answered

Percent of People with Each Score

Your Score History

You have not taken this quiz